Представление документа в формате MARC21

Поле Инд. ПП Название Значение
Тип записи a
Библиографический уровень b
001 Контрольный номер RU/IS/BASE/114872887
005 Дата корректировки 20250609174509.7
084 a Индекс другой классификации/Индекс ББК 88.41; 88.945; 56.12
100 1_ a Автор Ефимов О. И.
q Полное имя Ефимов Олег Игоревич
245 10 a Заглавие О методике лечебной верховой езды и оценке ее эффективности при восстановительном лечении детей с церебральными параличами
504 a Библиография Библиогр.: с. 51
650 04 a Основная рубрика возрастная психология
a Основная рубрика детская психология
a Основная рубрика медицина
a Основная рубрика невропатология
a Основная рубрика практическая психология (прикладная психология)
a Основная рубрика психология
a Основная рубрика психотерапия
653 0_ a Ключевые слова воспитательное лечение
a Ключевые слова дети с ограниченными возможностями
a Ключевые слова дети-инвалиды
a Ключевые слова детский церебральный паралич (ДЦП)
a Ключевые слова иппотерапия
a Ключевые слова коррекционная методика
a Ключевые слова коррекционно-реабилитационная методика
a Ключевые слова лечебная верховая езда
a Ключевые слова лечебная физическая культура
a Ключевые слова лечение
a Ключевые слова медицинская психология
a Ключевые слова медицинская реабилитация
a Ключевые слова методика лечебной верховой езды
a Ключевые слова ограниченные возможности здоровья
a Ключевые слова психокоррекционные методы
a Ключевые слова психокоррекция
a Ключевые слова психотерапевтические методы
773 18 t Заглавие источника Вестник психосоциальной и коррекционно-реабилитационной работы
d Дата издания источника 1999
g Прочая информация № 3. - С. 45 - 51
w Контрольный № источника RU/IS/BASE/119011552
901 t Тип документа b